000 00562nam a2200205 a 4500
001 BRL_1165
005 20190320211049.0
008 201113s1958----gw-a######---#000-0#ger-#
041 _ager
044 _agw
050 4 _aN5310
_b.K84 1958
100 1 _aKühn, Herbert
_925984
245 1 0 _aEiszeitmalerei
_b50 000 - 10 000 v. CHR.
_cHerbert Kühn ; 20 Tafeln von Romain Robert.
260 _aMünchen
_bR. Piper & co
_c1958
300 _a15 p.
_bil., láminas
_c19 cm.
500 _aAu1357
650 1 4 _aArte primitivo
_97001
902 _aGRL
942 _2lcc
_cB
999 _c9977
_d9977